000 00711cam a22002413a 4500
001 22713
003 PGUSA
005 20140828083501.0
008 070921s2007||||xxu|||||s|||||000 1 eng d
040 _aPGUSA
_beng
042 _adc
050 4 _aPS
100 1 _aBellamy, Edward,
_d1850-1898
245 1 0 _aWith The Eyes Shut :
_b1898
_h[electronic resource] /
_cEdward Bellamy
260 _bProject Gutenberg,
_c2007
506 _aPublic domain in the USA.
516 _aElectronic text
653 _aUnited States -- Social life and customs -- 19th century -- Fiction
653 _aShort stories
830 0 _aProject Gutenberg
_v22713
856 4 0 _uhttp://www.gutenberg.org/ebooks/22713
942 _cEB
999 _c251968
_d251968